Loading...
| Religion | 3 | 1 | 1 | 0 | 50 | 61 | 79.50 | 3 | 4 | 0.00 | 0.00 |
| Current Events | 1 | 1 | 1 | 1 | 20 | 45 | 89.00 | 1 | 1 | 0.00 | 0.00 |
| Social Science | 0 | 2 | 0 | 1 | 20 | 87 | 109.00 | 1 | 1 | 0.00 | 0.00 |
| Other Academic | 0 | 1 | 0 | 0 | 10 | 87 | 87.00 | 1 | 1 | 0.00 | 0.00 |
| Geography | 1 | 0 | 1 | 0 | 10 | 73 | 73.00 | 1 | 1 | 0.00 | 0.00 |
| History - Ancient/Other | 0 | 1 | 0 | 0 | 10 | 99 | 99.00 | 1 | 1 | 0.00 | 0.00 |
| Mythology | 0 | 1 | 0 | 0 | 10 | 108 | 108.00 | 1 | 1 | 0.00 | 0.00 |
| History - European | 0 | 1 | 0 | 0 | 10 | 85 | 85.00 | 0 | 0 | 0.00 | 0.00 |
| Philosophy | 0 | 0 | 1 | 0 | -5 | 0.00 | 0 | 0 | 0.00 | 0.00 | |
| History - World | 0 | 0 | 2 | 0 | -10 | 0.00 | 0 | 0 | 0.00 | 0.00 |